[Event "Memorial"]
[Site "Winnipeg CAN"]
[Date "2014.12.02"]
[Round "4.6"]
[White "Schmidt, Lukas"]
[Black "Leaden, Bruce"]
[Result "0-1"]
[WhiteElo "1444"]
[BlackElo "1561"]
[PlyCount "48"]
[EventDate "2014.11.04"]
[EventType "swiss"]
[EventRounds "6"]
[EventCountry "CAN"]

1. e4 e6 2. d4 d5 3. Nc3 c5 4. dxc5 d4 5. Nce2 Bxc5 6. a3 e5 7. b4 Bd6 8. f3
Nf6 9. c3 O-O 10. cxd4 exd4 11. Nxd4 Be5 12. Nge2 Nc6 13. Be3 Be6 14. Rc1 Nxd4
15. Nxd4 Qb6 16. Rc2 Bb3 17. Nxb3 Qxe3+ 18. Re2 Qc3+ 19. Kf2 Rfd8 20. Qc2 Rd3
21. Qxc3 Rxc3 22. Re3 Rac8 23. Nd2 Bd4 24. Bd3 Rxd3 0-1

[Event "Memorial"]
[Site "Winnipeg CAN"]
[Date "2014.12.02"]
[Round "4.6"]
[White "Trueman, Francis"]
[Black "Roy, Rayan"]
[Result "1-0"]
[WhiteElo "1469"]
[BlackElo "1586"]
[PlyCount "66"]
[EventDate "2014.11.04"]
[EventType "swiss"]
[EventRounds "6"]
[EventCountry "CAN"]

1. Nf3 c5 2. d3 d6 3. g3 Nf6 4. Bg2 e5 5. Nbd2 Be7 6. O-O O-O 7. Re1 Re8 8. e4
Nc6 9. c3 Qc7 10. Qe2 a5 11. a4 Rb8 12. h4 Bf8 13. Nh2 Bd7 14. g4 h6 15. Ndf1
Be7 16. Ne3 Qc8 17. Nf5 Bxf5 18. gxf5 h5 19. Kh1 Kh7 20. Rg1 Rg8 21. Bg5 g6 22.
Bh3 Qf8 23. Qf3 Rd8 24. Rg3 d5 25. exd5 Nxd5 26. f6 Bd6 27. Qxd5 e4 28. Qxe4
Bxg3 29. fxg3 Re8 30. Qg2 Qd6 31. Rd1 b6 32. Qf2 Rd8 33. Qf3 Ne5 1-0

[Event "Memorial"]
[Site "Winnipeg CAN"]
[Date "2014.12.09"]
[Round "5.6"]
[White "Leaden, Bruce"]
[Black "Beach, Brock"]
[Result "1/2-1/2"]
[WhiteElo "1561"]
[BlackElo "1749"]
[PlyCount "64"]
[EventDate "2014.11.04"]
[EventType "swiss"]
[EventRounds "6"]
[EventCountry "CAN"]

1. d4 f5 2. h3 Nf6 3. g4 fxg4 4. hxg4 Nxg4 5. Qd3 Nf6 6. Rxh7 Kf7 7. Rxh8 e6 8.
Bg5 Bb4+ 9. c3 Qxh8 10. cxb4 Nc6 11. Qc3 Nd5 12. Qd2 Ndxb4 13. Nc3 Nxd4 14.
O-O-O Nxa2+ 15. Kb1 Nxc3+ 16. Qxc3 Nc6 17. Nf3 Qh7+ 18. Kc1 Qe4 19. Be3 Kg8 20.
Ng5 Qg6 21. Bg2 d5 22. f4 Bd7 23. Qd3 Qxd3 24. Rxd3 Nb4 25. Rd1 b6 26. Bd2 a5
27. Bh3 Re8 28. Bxb4 axb4 29. Rd3 Kf8 30. Re3 g6 31. Nf3 Re7 32. Ne5 Be8
1/2-1/2

[Event "Memorial"]
[Site "Winnipeg CAN"]
[Date "2014.12.09"]
[Round "5.6"]
[White "Roy, Rayan"]
[Black "Huston-Earle, Joshua"]
[Result "0-1"]
[WhiteElo "1586"]
[BlackElo "1429"]
[PlyCount "98"]
[EventDate "2014.11.04"]
[EventType "swiss"]
[EventRounds "6"]
[EventCountry "CAN"]

1. e4 c5 2. Nf3 d6 3. d4 cxd4 4. Nxd4 Nf6 5. Nc3 Nc6 6. Be3 Nxd4 7. Bxd4 e5 8.
Be3 a6 9. Bd3 Be7 10. O-O O-O 11. h3 h6 12. Re1 Bd7 13. Qf3 Kh8 14. Bc4 Rc8 15.
Bb3 Bc6 16. g4 Ng8 17. Kh2 Bd7 18. Rg1 Bg5 19. Bxg5 Qxg5 20. Rad1 Be6 21. Rxd6
Bxb3 22. axb3 Nf6 23. Kg3 Qg6 24. Kh2 Rg8 25. h4 Nxg4+ 26. Rxg4 Qxd6 27. Qxf7
Qf6 28. Qxf6 gxf6 29. Rxg8+ Kxg8 30. Kg3 Kg7 31. Kg4 b5 32. b4 Rc4 33. f4 Rxb4
34. fxe5 fxe5 35. Kf5 Rxb2 36. Kxe5 Rxc2 37. Nd5 a5 38. Kd6 b4 39. Ne3 b3 40.
Nf5+ Kf6 41. Nxh6 b2 42. Ng4+ Kg7 43. Ne3 b1=Q 44. Nxc2 Qxc2 45. e5 a4 46. e6
Qc8 47. h5 a3 48. Ke7 a2 49. h6+ Kxh6 0-1

[Event "Memorial"]
[Site "Winnipeg CAN"]
[Date "2014.12.09"]
[Round "5.6"]
[White "Trueman, Francis"]
[Black "Einarsson, Ken"]
[Result "1/2-1/2"]
[WhiteElo "1450"]
[BlackElo "1704"]
[PlyCount "128"]
[EventDate "2014.11.04"]
[EventType "swiss"]
[EventRounds "6"]
[EventCountry "CAN"]

1. c4 e5 2. Nc3 c5 3. d3 Nf6 4. Nf3 Nc6 5. e4 d6 6. Be2 Be7 7. O-O O-O 8. a3
Bg4 9. h3 Bh5 10. Qc2 Bxf3 11. Bxf3 Nd4 12. Qd1 a6 13. Be3 Rc8 14. Bxd4 cxd4
15. Ne2 b5 16. cxb5 axb5 17. Rc1 Qd7 18. Rxc8 Rxc8 19. Qd2 Qb7 20. Rc1 Nd7 21.
Rxc8+ Qxc8 22. Bg4 Qb7 23. b4 d5 24. exd5 Qxd5 25. Bf3 Qd6 26. Qc2 Qb8 27. Bg4
Nf6 28. Qc8+ Qxc8 29. Bxc8 Nd5 30. Bd7 Nc3 31. Nc1 Nb1 32. a4 bxa4 33. b5 a3
34. b6 Nc3 35. b7 Bd6 36. Bc6 a2 37. Nb3 Kf8 38. Kf1 Ke7 39. Ke1 Kd8 40. Kd2
Kc7 41. Bf3 f5 42. g4 e4 43. dxe4 fxe4 44. Bg2 Kxb7 45. Kc2 Kb6 46. Kb2 Be5 47.
Nd2 Bf6 48. Nxe4 Nxe4 49. Bxe4 d3+ 50. Kxa2 d2 51. Bf3 Bh4 52. Kb3 Bxf2 53. Kc4
Be3 54. Kd5 g5 55. Ke6 Kc5 56. Kf7 Kd4 57. Kg7 Ke5 58. Kxh7 Kf4 59. Bd1 Kg3 60.
Kg6 Kf2 61. Bc2 Ke2 62. Kh5 d1=Q 63. Bxd1+ Kxd1 64. h4 gxh4 1/2-1/2

[Event "Memorial"]
[Site "Winnipeg CAN"]
[Date "2014.12.16"]
[Round "6.6"]
[White "Beach, Brock"]
[Black "Schmidt, Lukas"]
[Result "1-0"]
[WhiteElo "1749"]
[BlackElo "1444"]
[PlyCount "75"]
[EventDate "2014.11.04"]
[EventType "swiss"]
[EventRounds "6"]
[EventCountry "CAN"]

1. e4 d6 2. d4 e6 3. Nc3 Ne7 4. f4 d5 5. e5 a6 6. Bd3 Nbc6 7. Nf3 Nb4 8. Be2
Nf5 9. a3 Nc6 10. Qd3 b5 11. Nd1 b4 12. Ne3 Nh4 13. O-O Nxf3+ 14. Rxf3 a5 15.
Qd1 bxa3 16. bxa3 Bb7 17. Rb1 Qb8 18. Bb5 Qa7 19. Ng4 Be7 20. Rc3 Rb8 21. Bxc6+
Bxc6 22. Rxb8+ Qxb8 23. Rxc6 O-O 24. Rc3 Rc8 25. Rh3 c5 26. Qd3 g6 27. Nf6+
Bxf6 28. exf6 cxd4 29. Qxd4 Rxc2 30. Rc3 Rxc3 31. Qxc3 Qd8 32. Bd2 d4 33. Qxa5
Qxf6 34. Qe5 Qe7 35. Bb4 Qd7 36. Qb8+ Kg7 37. Bf8+ Kf6 38. Qe5# 1-0

[Event "Memorial"]
[Site "Winnipeg CAN"]
[Date "2014.12.16"]
[Round "6.6"]
[White "Einarsson, Ken"]
[Black "Huston-Earle, Joshua"]
[Result "1-0"]
[WhiteElo "1704"]
[BlackElo "1480"]
[PlyCount "75"]
[EventDate "2014.11.04"]
[EventType "swiss"]
[EventRounds "6"]
[EventCountry "CAN"]

1. d4 Nf6 2. c4 e6 3. Nc3 Be7 4. e4 O-O 5. Nf3 Nc6 6. Be2 Bb4 7. Qc2 d5 8. e5
Ne4 9. a3 Nxc3 10. bxc3 Be7 11. O-O f6 12. Bd3 g6 13. Bh6 f5 14. Bxf8 Bxf8 15.
cxd5 Qxd5 16. c4 Qd8 17. d5 Ne7 18. Rfd1 Kh8 19. Ng5 Kg8 20. dxe6 Nc6 21. Nf7
Qe8 22. Ng5 Bxe6 23. Nxe6 Qxe6 24. f4 Bc5+ 25. Kh1 Rd8 26. Be2 Nd4 27. Qc3 Kg7
28. Bf3 Qb6 29. Rab1 Nxf3 30. Qxf3 Rxd1+ 31. Qxd1 Qc6 32. Qd5 Qxd5 33. cxd5 b6
34. g3 Kf7 35. Kg2 Bxa3 36. Ra1 Be7 37. Rxa7 Bd8 38. d6 1-0

[Event "Memorial"]
[Site "Winnipeg CAN"]
[Date "2014.12.16"]
[Round "6.6"]
[White "Roy, Rayan"]
[Black "Leaden, Bruce"]
[Result "0-1"]
[WhiteElo "1586"]
[BlackElo "1561"]
[PlyCount "94"]
[EventDate "2014.11.04"]
[EventType "swiss"]
[EventRounds "6"]
[EventCountry "CAN"]

1. e4 e6 2. d4 d5 3. exd5 exd5 4. c4 Nf6 5. Nc3 Be7 6. Nf3 O-O 7. b3 Re8 8. Be2
Bb4 9. Bb2 Ne4 10. Qc2 Bg4 11. a3 Bxc3+ 12. Bxc3 Bxf3 13. gxf3 Nxc3 14. Qxc3
dxc4 15. bxc4 Qf6 16. Rc1 Nc6 17. d5 Qxc3+ 18. Rxc3 Nd4 19. Kd2 Nxe2 20. Re3
Nf4 21. Rg1 h6 22. Rge1 Kf8 23. Re4 g5 24. h4 Rad8 25. Rxe8+ Rxe8 26. Rxe8+
Kxe8 27. Ke3 Ng2+ 28. Ke2 Nxh4 29. a4 b6 30. Ke3 Ng2+ 31. Ke4 Kd7 32. Ke5 Nf4
33. Ke4 Kd6 34. Kf5 Nd3 35. Kf6 Nxf2 36. Kxf7 h5 37. Kg6 h4 38. Kxg5 h3 39. Kh4
h2 40. Kg3 h1=Q 41. Kxf2 Kc5 42. f4 Qe4 43. Kg3 Kxc4 44. Kg4 Qxd5 45. f5 Qf7
46. Kg5 Kd4 47. Kf4 c5 0-1

[Event "Mercredi 2014.01.08"]
[Site "Montreal CAN"]
[Date "2014.01.08"]
[Round "1"]
[White "Cloutier, Mathieu"]
[Black "Boudreau, Daniel"]
[Result "1/2-1/2"]
[WhiteElo "2111"]
[BlackElo "2026"]
[PlyCount "139"]
[EventDate "2014.01.08"]
[EventType "tourn"]
[EventRounds "5"]
[EventCountry "CAN"]

1. e4 c5 2. Nf3 e6 3. d4 cxd4 4. Nxd4 Nc6 5. Nc3 Qc7 6. f4 a6 7. Nxc6 bxc6 8.
e5 f6 9. Bd3 f5 10. Qh5+ g6 11. Qe2 Ne7 12. Be3 Nd5 13. Nxd5 cxd5 14. Qf2 Bb7
15. Bd4 Rc8 16. O-O Bc5 17. c3 a5 18. Rfc1 Bxd4 19. Qxd4 O-O 20. h4 Qc6 21. Rc2
Rc7 22. Rb1 Ba6 23. Bxa6 Qxa6 24. b3 Rfc8 25. Rbc1 a4 26. g3 axb3 27. axb3 Qa3
28. Rb1 Kf7 29. Kf2 Rb8 30. Rcb2 Rcb7 31. Qd1 d6 32. Qd4 dxe5 33. Qxe5 Rc8 34.
Re2 Qc5+ 35. Re3 Rb6 36. Ra1 Rbc6 37. Ra4 Qb6 38. Rb4 Qc7 39. Qd4 Rxc3 40. Rxc3
Qxc3 41. Rb7+ Kg8 42. Qxc3 Rxc3 43. Rb6 Kf7 44. Rb7+ Kf6 45. b4 h6 46. b5 Rb3
47. Rb8 Kg7 48. b6 Kf6 49. b7 Kg7 50. Ke2 d4 51. Kd2 d3 52. Ke3 Kh7 53. Kd2 Kg7
54. Re8 Rxb7 55. Rxe6 Rb2+ 56. Kxd3 Rb3+ 57. Kd4 Rxg3 58. Kd5 h5 59. Rb6 Rd3+
60. Ke6 Re3+ 61. Kd5 Re4 62. Rb7+ Kh6 63. Rb8 Rxf4 64. Ke5 Ra4 65. Kf6 Ra6+ 66.
Kf7 Ra7+ 67. Kf6 f4 68. Rh8+ Rh7 69. Rg8 Ra7 70. Rh8+ 1/2-1/2

[Event "Mercredi 2014.01.08"]
[Site "Montreal CAN"]
[Date "2014.01.08"]
[Round "1"]
[White "Destree, Frederic"]
[Black "Heredia, Jose"]
[Result "1-0"]
[WhiteElo "1871"]
[BlackElo "1849"]
[PlyCount "99"]
[EventDate "2014.01.08"]
[EventType "tourn"]
[EventRounds "5"]
[EventCountry "CAN"]

1. Nf3 Nf6 2. g3 b6 3. Bg2 Bb7 4. O-O e6 5. d3 d6 6. e4 Be7 7. Nc3 O-O 8. Qe2
Nbd7 9. Bg5 h6 10. Be3 Re8 11. Rad1 c5 12. Rfe1 a6 13. a4 Qc7 14. Bc1 Rac8 15.
Nd2 Ne5 16. f4 Nc6 17. Nf3 Nd4 18. Qd2 Nxf3+ 19. Bxf3 Bf8 20. Qg2 Rcd8 21. g4
g6 22. Kh1 Bg7 23. h4 Nd7 24. Rg1 Kh7 25. Rdf1 Rg8 26. Qh3 Bd4 27. Rg2 f5 28.
h5 gxh5 29. g5 Bxc3 30. bxc3 fxe4 31. Qxe6 Rg6 32. Qf7+ Rg7 33. Qf5+ Kh8 34.
dxe4 c4 35. Be3 Rf8 36. Qh3 Kg8 37. gxh6 Rxg2 38. Qxg2+ Kf7 39. Bxh5+ Ke7 40.
Qg5+ Rf6 41. h7 Bxe4+ 42. Kh2 Bxh7 43. Bd4 Kd8 44. Bxf6+ Nxf6 45. Qxf6+ Kc8 46.
Re1 Qc5 47. Qh8+ Kc7 48. Qxh7+ Kc6 49. Bf3+ d5 50. Re6+ 1-0

[Event "Mercredi 2014.01.08"]
[Site "Montreal CAN"]
[Date "2014.01.08"]
[Round "1"]
[White "Dumouchel, Alain"]
[Black "Rondon, Luciano"]
[Result "0-1"]
[WhiteElo "1923"]
[BlackElo "1910"]
[PlyCount "46"]
[EventDate "2014.01.08"]
[EventType "tourn"]
[EventRounds "5"]
[EventCountry "CAN"]

1. e4 c5 2. Nf3 Nc6 3. d4 cxd4 4. Nxd4 d6 5. Nc3 Nf6 6. Bc4 e6 7. Bb3 Be7 8.
Be3 O-O 9. O-O a6 10. a4 Qc7 11. Nxc6 bxc6 12. a5 c5 13. Ra4 Bd7 14. e5 dxe5
15. Rh4 Bc6 16. f4 Nd5 17. Nxd5 exd5 18. Rxh7 Kxh7 19. Qh5+ Kg8 20. Rf3 f5 21.
Rh3 Rf6 22. Qh7+ Kf7 23. Rg3 Rg8 0-1

[Event "Mercredi 2014.01.08"]
[Site "Montreal CAN"]
[Date "2014.01.08"]
[Round "1"]
[White "Fortin-Lavoie, Patrice"]
[Black "Brassard, Sylvain"]
[Result "1-0"]
[WhiteElo "1872"]
[BlackElo "1769"]
[PlyCount "33"]
[EventDate "2014.01.08"]
[EventType "tourn"]
[EventRounds "5"]
[EventCountry "CAN"]

1. d4 d5 2. Bg5 f6 3. Bh4 Bf5 4. Nf3 e6 5. e3 Bd6 6. c4 c6 7. Bd3 Ne7 8. O-O
Bxd3 9. Qxd3 Ng6 10. cxd5 Nxh4 11. Nxh4 f5 12. g3 cxd5 13. Nxf5 exf5 14. Qxf5
Bb4 15. Qe6+ Kf8 16. a3 Qa5 17. Qc8+ 1-0

[Event "Mercredi 2014.01.08"]
[Site "Montreal CAN"]
[Date "2014.01.08"]
[Round "1"]
[White "Gauthier, Luc"]
[Black "Saha, Ananda"]
[Result "1-0"]
[WhiteElo "1876"]
[BlackElo "1765"]
[PlyCount "83"]
[EventDate "2014.01.08"]
[EventType "tourn"]
[EventRounds "5"]
[EventCountry "CAN"]

1. e4 c5 2. Nc3 Nc6 3. f4 e6 4. Nf3 d5 5. Bb5 a6 6. Bxc6+ bxc6 7. d3 Qb6 8. b3
Nf6 9. Qe2 Bb7 10. Na4 Qb5 11. c4 Qa5+ 12. Bd2 Qc7 13. O-O Be7 14. Qe1 Rd8 15.
e5 Nd7 16. Ba5 Qc8 17. Bxd8 Qxd8 18. Nc3 Nf8 19. Ne2 h5 20. Qd2 Rg8 21. Rae1
Nh7 22. Nc3 h4 23. Kh1 a5 24. Na4 Ba6 25. Qf2 Bb7 26. Nxc5 Bxc5 27. Qxc5 Nf8
28. Qa7 Qc7 29. cxd5 exd5 30. f5 h3 31. g3 g5 32. Rc1 g4 33. Nd4 Kd7 34. e6+
Kc8 35. exf7 Rh8 36. Rfe1 Kd7 37. f6 Ng6 38. Ne6 Qc8 39. Nc5+ Kc7 40. Qxa5+ Kb8
41. Qb6 Nf8 42. Re8 1-0

[Event "Mercredi 2014.01.08"]
[Site "Montreal CAN"]
[Date "2014.01.08"]
[Round "1"]
[White "Have, Didier"]
[Black "Barko, Maxim"]
[Result "1-0"]
[WhiteElo "1991"]
[BlackElo "1883"]
[PlyCount "151"]
[EventDate "2014.01.08"]
[EventType "tourn"]
[EventRounds "5"]
[EventCountry "CAN"]

1. e4 e6 2. d4 d5 3. Be3 Nf6 4. Nd2 Nc6 5. Bd3 e5 6. dxe5 Nxe5 7. Ngf3 Bg4 8.
Qe2 dxe4 9. Bxe4 Nxe4 10. Qb5+ Nc6 11. Nxe4 Bxf3 12. gxf3 Qd7 13. Rd1 Qc8 14.
Bg5 f6 15. Nxf6+ gxf6 16. Bxf6 Qe6+ 17. Kd2 Qxf6 18. Rhe1+ Be7 19. Kc1 a6 20.
Qxb7 Rb8 21. Rxe7+ Kxe7 22. Qxc7+ Kf8 23. Rd6 Qxb2+ 24. Kd2 Qb4+ 25. Kd1 Qxd6+
26. Qxd6+ Kg7 27. Qc7+ Kf8 28. Qxc6 Rd8+ 29. Ke2 Kf7 30. Qb7+ Kf6 31. Qxa6+ Kg5
32. Qb5+ Kf6 33. Qc6+ Kf7 34. Qc7+ Kf6 35. Qf4+ Ke7 36. a4 Rdf8 37. Qc7+ Ke6
38. a5 Rc8 39. Qb6+ Kf5 40. c4 Rhe8+ 41. Kd3 Rb8 42. Qc6 Re6 43. Qd5+ Kf6 44.
c5 Rc8 45. Qd4+ Kg6 46. Qg4+ Kf6 47. Qh4+ Kg6 48. Qg4+ Kf6 49. a6 Ra8 50. Qf4+
Ke7 51. Qc7+ Kf8 52. c6 Re7 53. Qf4+ Ke8 54. c7 Kd7 55. Qb4 Rc8 56. a7 Ke6 57.
Qe4+ Kd6 58. a8=Q Rxa8 59. Qxa8 Rxc7 60. Qb8 Kd7 61. Qg8 Kd6 62. Kd4 Re7 63.
Qf8 Ke6 64. Qxe7+ Kxe7 65. Ke5 Kf7 66. Kf5 Ke7 67. Kg5 Kf7 68. Kh6 Kf6 69. h4
Kf5 70. h5 Kf6 71. f4 Kf7 72. Kxh7 Kf8 73. Kg6 Kg8 74. h6 Kh8 75. Kf7 Kh7 76.
f5 1-0

[Event "Mercredi 2014.01.08"]
[Site "Montreal CAN"]
[Date "2014.01.08"]
[Round "1"]
[White "Lebeau, Gilbert"]
[Black "Cardin, Guillaume"]
[Result "1-0"]
[WhiteElo "2065"]
[BlackElo "2037"]
[PlyCount "65"]
[EventDate "2014.01.08"]
[EventType "tourn"]
[EventRounds "5"]
[EventCountry "CAN"]

1. e4 e5 2. Nf3 Nc6 3. Bb5 a6 4. Ba4 Nf6 5. O-O Be7 6. Re1 b5 7. Bb3 d6 8. c3
O-O 9. h3 Nb8 10. d4 Nbd7 11. Nbd2 Bb7 12. Bc2 Re8 13. Nf1 Bf8 14. Ng3 g6 15.
Bg5 h6 16. Bd2 Bg7 17. a4 c5 18. d5 c4 19. Be3 Qc7 20. Qd2 h5 21. Bh6 Bh8 22.
Nh4 Nc5 23. Ra3 Reb8 24. f4 exf4 25. Bxf4 Nfd7 26. Rf1 Bc8 27. Nxg6 fxg6 28.
Nxh5 Ne5 29. Bxe5 Bxe5 30. Qg5 Kh7 31. Rf6 Bf5 32. exf5 gxh5 33. Rh6# 1-0

[Event "Mercredi 2014.01.08"]
[Site "Montreal CAN"]
[Date "2014.01.08"]
[Round "1"]
[White "O'Connor, Michael"]
[Black "Khudaverdian, Berj"]
[Result "0-1"]
[WhiteElo "1741"]
[BlackElo "1697"]
[PlyCount "84"]
[EventDate "2014.01.08"]
[EventType "tourn"]
[EventRounds "5"]
[EventCountry "CAN"]

1. d4 Nf6 2. c4 e6 3. Nf3 c5 4. d5 exd5 5. cxd5 d6 6. Nc3 g6 7. e4 Bg7 8. Be2
O-O 9. O-O a6 10. a4 Re8 11. Nd2 Nbd7 12. Re1 Ne5 13. Nc4 Nxc4 14. Bxc4 Bg4 15.
f3 Bd7 16. Bf4 Nh5 17. Be3 Be5 18. Qd2 Qh4 19. g4 Bxg4 20. fxg4 Qxg4+ 21. Qg2
Qh4 22. Ne2 Bxb2 23. Rab1 Qxe4 24. Ng3 Nxg3 25. hxg3 Qxc4 26. Qxb2 Qxd5 27.
Red1 Qf3 28. Bf4 Re2 29. Qxe2 Qxe2 30. Rxd6 b5 31. Rbd1 Kg7 32. R6d2 Qe6 33.
Rd6 Qb3 34. Be5+ Kh6 35. Bf4+ Kh5 36. Kg2 Kg4 37. Rh1 Qf3+ 38. Kg1 g5 39. Rf6
Re8 40. Be5 Qe3+ 41. Kg2 Rxe5 42. axb5 Qxg3+ 0-1

[Event "Mercredi 2014.01.08"]
[Site "Montreal CAN"]
[Date "2014.01.08"]
[Round "1"]
[White "Ouellet, Maili-Jade"]
[Black "Salazar, Andres"]
[Result "0-1"]
[WhiteElo "1720"]
[BlackElo "1703"]
[PlyCount "46"]
[EventDate "2014.01.08"]
[EventType "tourn"]
[EventRounds "5"]
[EventCountry "CAN"]

1. d4 c5 2. d5 d6 3. c4 Nf6 4. Nc3 g6 5. e4 Bg7 6. f4 O-O 7. Nf3 Bg4 8. Be2 e6
9. O-O exd5 10. cxd5 a6 11. a4 Re8 12. h3 Bxf3 13. Bxf3 Nfd7 14. g4 Qh4 15. Bg2
Bd4+ 16. Kh2 Nf6 17. e5 dxe5 18. f5 h5 19. gxh5 gxh5 20. Bf3 e4 21. Rg1+ Kh7
22. Bg5 Be5+ 23. Kg2 exf3+ 0-1

[Event "Mercredi 2014.01.08"]
[Site "Montreal CAN"]
[Date "2014.01.08"]
[Round "1"]
[White "Struben, Jeroen"]
[Black "Millette, Sylvain"]
[Result "0-1"]
[WhiteElo "1745"]
[BlackElo "1697"]
[PlyCount "46"]
[EventDate "2014.01.08"]
[EventType "tourn"]
[EventRounds "5"]
[EventCountry "CAN"]

1. d4 Nf6 2. c4 g6 3. g3 d5 4. cxd5 Nxd5 5. e4 Nb4 6. Qa4+ N8c6 7. a3 Qxd4 8.
Nc3 Nd3+ 9. Bxd3 Qxd3 10. Nd5 Bd7 11. Be3 O-O-O 12. Rc1 a6 13. Nf3 Bg7 14. Rd1
Qb5 15. Qc2 Bg4 16. a4 Qxb2 17. Qc4 Bxf3 18. Rc1 Bxh1 19. Nxe7+ Kb8 20. Nxc6+
bxc6 21. Qxc6 Qb7 22. Qc5 Bxe4 23. Rc4 Bf3 0-1

[Event "Mercredi 2014.01.08"]
[Site "Montreal CAN"]
[Date "2014.01.08"]
[Round "1"]
[White "Tremblay, Alain"]
[Black "Lopez Linares, Lizandro"]
[Result "1-0"]
[WhiteElo "2092"]
[BlackElo "2037"]
[PlyCount "39"]
[EventDate "2014.01.08"]
[EventType "tourn"]
[EventRounds "5"]
[EventCountry "CAN"]

1. d3 d5 2. Nd2 e5 3. Ngf3 Bd6 4. e4 c6 5. d4 exd4 6. exd5 cxd5 7. Nxd4 Ne7 8.
Bd3 Nbc6 9. N2b3 Ne5 10. Be2 O-O 11. f4 Nc4 12. O-O Qb6 13. Kh1 Rd8 14. Bd3 Bd7
15. Qh5 g6 16. Qe2 Qc7 17. f5 Bxh2 18. Qxe7 Re8 19. Qh4 Bg3 20. Qh6 1-0

[Event "Mercredi 2014.01.08"]
[Site "Montreal CAN"]
[Date "2014.01.08"]
[Round "1"]
[White "Valle-Romo, Ricardo"]
[Black "Nardone, Raul"]
[Result "1-0"]
[WhiteElo "2009"]
[BlackElo "1898"]
[PlyCount "91"]
[EventDate "2014.01.08"]
[EventType "tourn"]
[EventRounds "5"]
[EventCountry "CAN"]

1. e4 c5 2. Nf3 e6 3. c4 Nc6 4. Nc3 b6 5. Be2 Bb7 6. d3 d6 7. O-O Be7 8. a3 Nf6
9. Rb1 O-O 10. b4 Rc8 11. Bg5 Ng4 12. Bxe7 Qxe7 13. b5 Nb8 14. Qc2 Ne5 15. Ne1
f5 16. f4 Ng4 17. Bxg4 fxg4 18. Qe2 Qh4 19. g3 Qf6 20. Nd1 h5 21. Ng2 d5 22. e5
Qd8 23. Nde3 d4 24. Nd1 Qe8 25. Nf2 Bf3 26. Qe1 Bxg2 27. Kxg2 Qg6 28. Qe4 Qf7
29. h4 Rc7 30. Qe2 Nd7 31. Ne4 Ra8 32. Nd6 Qe7 33. Qe4 Rf8 34. a4 Kh8 35. a5
bxa5 36. Ra1 a4 37. Rxa4 Nb6 38. Ra6 Kg8 39. Qg6 Rd7 40. Ne4 Qd8 41. Qxh5 Nxc4
42. dxc4 d3 43. Qxg4 d2 44. Qxe6+ Kh8 45. Rd6 Qa8 46. Qd5 1-0

[Event "Mercredi 2014.01.08"]
[Site "Montreal CAN"]
[Date "2014.01.15"]
[Round "2"]
[White "Barko, Maxim"]
[Black "Dumouchel, Alain"]
[Result "0-1"]
[WhiteElo "1883"]
[BlackElo "1923"]
[PlyCount "54"]
[EventDate "2014.01.08"]
[EventType "tourn"]
[EventRounds "5"]
[EventCountry "CAN"]

1. Nf3 g6 2. d4 Nf6 3. Bf4 Bg7 4. Nc3 d6 5. Qd2 Bf5 6. h3 Nc6 7. d5 e5 8. dxc6
exf4 9. cxb7 Rb8 10. Qxf4 O-O 11. Nd4 Rxb7 12. Nxf5 gxf5 13. Qxf5 Rxb2 14. e3
Qb8 15. Bd3 Qb4 16. O-O Qxc3 17. g4 Qe5 18. Qf3 d5 19. Kh1 Ne4 20. Rg1 f5 21.
g5 Rb6 22. h4 f4 23. exf4 Rxf4 24. Qh5 Rxf2 25. Rg2 Qxa1+ 26. Kh2 Bd4 27. Kh3
Qh1+ 0-1

[Event "Mercredi 2014.01.08"]
[Site "Montreal CAN"]
[Date "2014.01.15"]
[Round "2"]
[White "Boudreau, Daniel"]
[Black "Cardin, Guillaume"]
[Result "1/2-1/2"]
[WhiteElo "2026"]
[BlackElo "2037"]
[PlyCount "114"]
[EventDate "2014.01.08"]
[EventType "tourn"]
[EventRounds "5"]
[EventCountry "CAN"]

1. e4 e5 2. Bc4 Nf6 3. Nf3 Nxe4 4. O-O Nc6 5. Re1 d5 6. Bb5 Bc5 7. d4 exd4 8.
Ng5 O-O 9. Nxe4 dxe4 10. Bxc6 bxc6 11. Rxe4 Qf6 12. Qh5 Qg6 13. Qxg6 fxg6 14.
Na3 Ba6 15. Bf4 Rab8 16. Bc1 Rfe8 17. Rxe8+ Rxe8 18. Bd2 Re2 19. b4 Be7 20. Rd1
c5 21. b5 c4 22. bxa6 Bxa3 23. Kf1 Re6 24. Bf4 Bc5 25. Bxc7 Rxa6 26. Be5 Rxa2
27. Bxd4 Bxd4 28. Rxd4 Rxc2 29. Rd8+ Kf7 30. Rd7+ Kf6 31. Rxa7 g5 32. g4 h6 33.
Rc7 c3 34. Ke1 Ke5 35. Rxg7 Kf4 36. Rg6 Kf3 37. Rf6+ Kxg4 38. Rxh6 Ra2 39. Rc6
c2 40. Rc3 Kf4 41. Kd2 c1=Q+ 42. Kxc1 Rxf2 43. Kd1 Rxh2 44. Ke1 g4 45. Kf1 Rh5
46. Kg2 Ra5 47. Rc2 Kg5 48. Rb2 Kh4 49. Rc2 Ra3 50. Rb2 Rg3+ 51. Kh2 Rc3 52.
Kg2 Rc4 53. Ra2 Re4 54. Rb2 Kg5 55. Ra2 Kf4 56. Rf2+ Ke3 57. Kg3 Kd3 1/2-1/2

[Event "Mercredi 2014.01.08"]
[Site "Montreal CAN"]
[Date "2014.01.15"]
[Round "2"]
[White "Brassard, Sylvain"]
[Black "Destree, Frederic"]
[Result "1/2-1/2"]
[WhiteElo "1769"]
[BlackElo "1871"]
[PlyCount "125"]
[EventDate "2014.01.08"]
[EventType "tourn"]
[EventRounds "5"]
[EventCountry "CAN"]

1. d4 Nf6 2. Nf3 g6 3. Bf4 Bg7 4. e3 d6 5. Bd3 O-O 6. O-O Re8 7. h3 b6 8. Nbd2
Bb7 9. e4 Nbd7 10. e5 Nd5 11. Bg3 dxe5 12. dxe5 Nc5 13. Bc4 a6 14. a3 b5 15.
Ba2 Qd7 16. c4 Nb6 17. b4 Ne4 18. Nxe4 Bxe4 19. Qxd7 Nxd7 20. Ng5 Bf5 21. cxb5
e6 22. bxa6 Rxa6 23. Bc4 Ra7 24. Bb5 Re7 25. f4 Rb7 26. Bc6 Rb6 27. Rac1 Nb8
28. Be4 f6 29. exf6 Bxf6 30. Bxf5 Bd4+ 31. Bf2 Bxf2+ 32. Kxf2 exf5 33. Rfe1 Rd7
34. Re8+ Kg7 35. Rce1 Nc6 36. Ne6+ Kh6 37. g4 Nd4 38. g5+ Kh5 39. Nxd4 Rxd4 40.
Ke3 Rbd6 41. Kf3 Kh4 42. R8e7 Rd3+ 43. R1e3 Rxe3+ 44. Kxe3 Kxh3 45. Rxh7+ Kg4
46. Rf7 Re6+ 47. Kf2 Kxf4 48. Rf6 Re3 49. Rxg6 Rxa3 50. Rg7 Ra2+ 51. Ke1 Rb2
52. g6 Kg5 53. Rg8 Rxb4 54. g7 Kg6 55. Rf8 Kxg7 56. Rxf5 Rc4 57. Kd2 Kg6 58.
Kd3 Rh4 59. Rc5 Rh7 60. Kd4 Kf6 61. Kd5 Kf5 62. Kc6+ Ke6 63. Ra5 1/2-1/2

[Event "Mercredi 2014.01.08"]
[Site "Montreal CAN"]
[Date "2014.01.15"]
[Round "2"]
[White "Cloutier, Mathieu"]
[Black "Tremblay, Alain"]
[Result "0-1"]
[WhiteElo "2111"]
[BlackElo "2092"]
[PlyCount "64"]
[EventDate "2014.01.08"]
[EventType "tourn"]
[EventRounds "5"]
[EventCountry "CAN"]

1. e4 c6 2. d4 d5 3. Nc3 dxe4 4. Nxe4 Nd7 5. Nf3 Ngf6 6. Ng3 e6 7. Bd3 c5 8.
O-O Be7 9. c3 Qc7 10. Re1 c4 11. Bc2 b5 12. d5 Nc5 13. Nf5 Nxd5 14. Nxg7+ Kd8
15. Nf5 Bb7 16. Qd4 Bf6 17. Bg5 Nd7 18. Rad1 Kc8 19. Bxf6 N7xf6 20. Be4 Rd8 21.
Bxd5 Nxd5 22. Ng3 Nf4 23. Qf6 Rxd1 24. Rxd1 Bxf3 25. gxf3 Kb7 26. Rd4 e5 27.
Rd6 Re8 28. Ne4 Nd3 29. Rd5 Re6 30. Nd6+ Kc6 31. Qh8 Rxd6 32. Qa8+ Kb6 0-1

[Event "Mercredi 2014.01.08"]
[Site "Montreal CAN"]
[Date "2014.01.15"]
[Round "2"]
[White "Gauthier, Luc"]
[Black "Fortin-Lavoie, Patrice"]
[Result "1-0"]
[WhiteElo "1876"]
[BlackElo "1872"]
[PlyCount "71"]
[EventDate "2014.01.08"]
[EventType "tourn"]
[EventRounds "5"]
[EventCountry "CAN"]

1. e4 c5 2. Nc3 Nc6 3. g3 Nf6 4. Bg2 g6 5. d3 Bg7 6. f4 d6 7. Nf3 O-O 8. O-O
Rb8 9. h3 b5 10. Be3 b4 11. Ne2 Bd7 12. g4 Qc8 13. f5 h5 14. g5 Ne8 15. Nh4
gxf5 16. Ng3 f4 17. Bxf4 Bxh3 18. Ngf5 Bg4 19. Bf3 Bxf5 20. Nxf5 Bd4+ 21. Kg2
Ng7 22. Nh6+ Kh8 23. Bxh5 Qe6 24. Rh1 f5 25. Bf7 Rxf7 26. Nxf7+ Kg8 27. Nh6+
Kf8 28. Qf3 Ke8 29. Rae1 Kd7 30. exf5 Qxa2 31. f6 exf6 32. gxf6 Bxf6 33. Ng4
Qxb2 34. Nxf6+ Qxf6 35. Rh6 Qc3 36. Rxd6+ 1-0